Normal view
MARC view
- Abdul Qadir Mayan
Entry Personal Name
001 - CONTROL NUMBER
- control field: 2248
003 - CONTROL NUMBER IDENTIFIER
- control field: OSt
005 - DATE AND TIME OF LATEST TRANSACTION
- control field: 20170508122004.0
008 - FIXED-LENGTH DATA ELEMENTS
- fixed length control field: 170508|| aca||aabn | a|a d
040 ## - CATALOGING SOURCE
- Original cataloging agency: OSt
- Transcribing agency: OSt
100 ## - HEADING--PERSONAL NAME
- Personal name: Abdul Qadir Mayan
670 ## - SOURCE DATA FOUND
- Source citation: Work cat.: (OSt)0: Abdul Qadir Mayan, Amalan malam dan hari Jumaat /, 1992

PORTAL AKMAL
E-MEL JKDM
AKMAL2U
G-BAM
u-PUSTAKA